Cơ học kết cấu

Guardat en:
Dades bibliogràfiques
Autor principal: Lều, Thọ Trình
Format: Llibre
Idioma:Undetermined
Publicat: Hà Nội Khoa học Kỹ thuật 2006
Matèries:
Etiquetes: Afegir etiqueta
Sense etiquetes, Sigues el primer a etiquetar aquest registre!
Thư viện lưu trữ: Trung tâm Học liệu Trường Đại học Cần Thơ
LEADER 00550nam a2200193Ia 4500
001 CTU_103895
008 210402s9999 xx 000 0 und d
020 |c 30000 
082 |a 624.171 
082 |b Tr312/T.1 
100 |a Lều, Thọ Trình 
245 0 |a Cơ học kết cấu 
245 0 |c Lều Thọ Trình 
260 |a Hà Nội 
260 |b Khoa học Kỹ thuật 
260 |c 2006 
650 |a Statics,Structural analysis ( engineering ) 
904 |i Minh 
980 |a Trung tâm Học liệu Trường Đại học Cần Thơ